Je vous salue Marie - Statistiques

Statistiques générales
  • Ce quiz a été pris 256 fois
  • Le résultat moyen est 40 sur 46
Statistiques - réponses
Réponse % Correct
Je
99%
Marie
99%
Marie
99%
salue
99%
vous
99%
vous
99%
Vous
99%
de
97%
de
97%
de
97%
de
97%
grâce
94%
à
93%
et
93%
et
93%
Le
92%
le
92%
est
90%
est
90%
êtes
89%
Jésus
89%
Dieu
87%
les
87%
Seigneur
87%
avec
86%
béni
86%
Mère
86%
nous
86%
pour
85%
femmes
83%
pleine
83%
Sainte
83%
toutes
83%
entre
82%
bénie
81%
Amen
80%
pauvres
80%
pécheurs
80%
vos
80%
entrailles
79%
Priez
79%
fruit
77%
notre
77%
mort
76%
l'heure
75%
maintenant
75%
Aucun quiz correspondant
Distribution des résultats
% des personnes avec chaque résultat
Percentile par nombre de réponses
Votre historique - résultats
Vous n’avez pas pris ce quiz